[Event "Floripa Chess Open 2024"]
[Site "Florianopolis"]
[Date "2024.01.27"]
[Round "9.140"]
[White "Altenhofen, Rafael Graneto"]
[Black "Machado, Gilmar Dias"]
[Result "1/2-1/2"]
[WhiteElo "1446"]
[BlackElo "1764"]
[PlyCount "39"]
[EventDate "2024.01.20"]
[EventRounds "10"]
[EventCountry "BRA"]

1. d4 Nf6 2. c4 g6 3. f3 d5 4. cxd5 Nxd5 5. e4 Nb6 6. d5 $146 ({RR} 6. Be3 Bg7
7. Bb5+ c6 8. Ba4 Nc4 9. Qe2 Nxe3 10. Qxe3 Bxd4 11. Qd2 O-O 12. Nc3 Qb6 13.
Nge2 Be3 14. Qc2 Na6 15. Rd1 Be6 16. Bb3 Nb4 17. Qb1 Bxb3 18. axb3 Rad8 19. Kf1
Bd2 20. g3 Nd3 {Matthai,H-Herrmann,H Altona-Bahrenfeld 1933 0-1}) ({RR} 6. Be3
Bg7 7. Qd2 O-O 8. f4 Nc6 9. Nf3 Bg4 10. d5 Bxf3 11. gxf3 Nb8 12. h4 c6 13. h5
cxd5 14. hxg6 fxg6 15. Qh2 h6 16. Rg1 d4 17. Bd2 Qd6 18. Bd3 g5 19. e5 Qe6 20.
Rxg5 N8d7 {Postny,E (2641)-Tseitlin,M (2349) Beersheba 2014 1-0}) ({RR} 6. a4
a5 7. Nc3 Bg7 8. Be3 Nc6 9. Bb5 O-O 10. Nge2 Nb4 11. b3 c6 12. Bc4 e5 13. d5
cxd5 14. Bxb6 Qxb6 15. Nxd5 Nxd5 16. Bxd5 Rd8 17. Qd3 Be6 18. Rd1 Rac8 19. g4
h5 20. gxh5 Bf8 {Ward,C (2418)-Derakhshani,B (2300) Torquay ENG 2019 0-1 (33)})
({RR} 6. a4 a5 7. Nc3 Bg7 8. Be3 Nc6 9. d5 Nb4 10. Bxb6 cxb6 11. Bb5+ Bd7 12.
Bxd7+ Qxd7 13. Nge2 O-O 14. O-O Rac8 15. Qb3 Qc7 16. Nd1 b5 17. axb5 Qb6+ 18.
Qe3 Qxe3+ 19. Nxe3 Nc2 20. Nxc2 Rxc2 {Gilfer,E-Najdorf,M Helsinki 1952 0-1 (33)
}) ({RR} 6. a4 a5 7. Be3 Bg7 8. Nc3 O-O 9. f4 Nc6 10. Nb5 Nb4 11. Rc1 c6 12.
Na3 f5 13. e5 Be6 14. h4 Qd5 15. Nc4 Qe4 16. Kf2 Nxc4 17. Rxc4 Bxc4 18. Bxc4+
Kh8 19. h5 h6 20. hxg6 b5 {Jauregui Andrade,C-Sanguineti,J Mar del Plata/
Buenos Aires 1954 0-1 (35)}) 6... Bg7 7. Nc3 O-O 8. Be3 N8d7 9. Rc1 a6 10. Nge2
Nc4 11. Bd4 Nxb2 12. Qc2 Nc4 13. Bxg7 Kxg7 14. Na4 b5 15. Nb2 Nxb2 16. Qxb2+ f6
17. Nd4 Ne5 18. Be2 Qd6 19. O-O g5 20. Nc6 1/2-1/2

[Event "Floripa Chess Open 2024"]
[Site "Florianopolis"]
[Date "2024.01.27"]
[Round "9.141"]
[White "Ruvieri, Daniel Minami"]
[Black "Silver, Fernanda Luise"]
[Result "1/2-1/2"]
[WhiteElo "1437"]
[BlackElo "1749"]
[PlyCount "60"]
[EventDate "2024.01.20"]
[EventRounds "10"]
[EventCountry "BRA"]

1. e4 c5 2. Nf3 Nc6 3. d4 cxd4 4. Nxd4 Nf6 5. Nc3 e5 6. Ndb5 d6 7. Bg5 a6 8.
Bxf6 gxf6 9. Na3 Be6 10. Nc4 b5 11. Ne3 Ne7 ({RR} 11... Bh6 12. Bd3 Bxe3 13.
fxe3 Qb6 14. Qf3 Rg8 15. O-O Ne7 16. a4 b4 17. Nd5 Bxd5 18. exd5 f5 19. Bxf5
Nxf5 20. Qxf5 Qxe3+ 21. Rf2 Qa7 22. Qxh7 Rf8 23. Raf1 Rd8 24. Kh1 Rd7 25. Qd3
Qc5 26. c4 {Kovacevic,A (2485)-Kosanovic,G (2455) Bucharest 1997 1-0 (36)}) ({
RR} 11... Rc8 12. a4 b4 13. Ncd5 Bxd5 14. Nxd5 Nd4 15. Nxb4 Qa5 16. Qd2 Bh6 17.
Qxh6 Qxb4+ {1/2-1/2 (18) Tattersall Rodriguez,L (2248)-Caliz Morales,F (1750)
Port de Pollenca ESP 2019}) 12. Be2 $146 ({RR} 12. Qf3 Bg7 13. Rd1 O-O 14. Ncd5
Bxd5 15. Nxd5 Nxd5 16. Rxd5 Qa5+ 17. Qc3 Qxa2 18. Qb3 Qxb3 19. cxb3 Rfd8 20.
Be2 Rac8 21. O-O Rc2 22. Bg4 Rxb2 23. Rd3 Rc2 24. Ra1 Rc6 25. Rd5 Kf8 26. Bf5
h6 {Teixeira,A-Itacarambi,A Brasilia 2002 0-1 (79)}) ({RR} 12. Ncd5 Nxd5 13.
Nxd5 Rc8 14. c3 f5 15. a4 Bxd5 16. Qxd5 fxe4 17. axb5 axb5 18. Ra7 Be7 19.
Bxb5+ Kf8 20. Bc4 Qe8 21. O-O Rc5 22. Qxe4 Kg7 23. b4 Rc8 24. Qg4+ Kf8 25. Qe4
Kg7 26. f4 exf4 {Jacobo,C-Cesco,M Merida 1997 1-0}) 12... Bh6 13. Ncd5 Nxd5 14.
Nxd5 O-O 15. O-O Bxd5 16. Qxd5 Qe7 17. Rad1 Rfd8 18. Rd3 Rac8 19. c3 Rc5 20.
Rg3+ Kh8 21. Qd3 Bf4 22. Rh3 Rg8 23. Kh1 Qe6 24. Rh4 Rg6 25. Rd1 Rc6 26. b3 Bh6
27. h3 Bg5 28. Bg4 Qe7 29. Rh5 Rh6 30. Rxh6 Bxh6 1/2-1/2

[Event "Floripa Chess Open 2024"]
[Site "Florianopolis"]
[Date "2024.01.27"]
[Round "9.142"]
[White "Lunelli, Neuri Antonio"]
[Black "Braga, Kaio Santos"]
[Result "1-0"]
[WhiteElo "1744"]
[BlackElo "1442"]
[PlyCount "53"]
[EventDate "2024.01.20"]
[EventRounds "10"]
[EventCountry "BRA"]

1. c4 Nf6 2. g3 c6 3. Bg2 g6 4. Nc3 Bg7 5. e4 e5 6. Nge2 d6 7. O-O O-O 8. h3
Be6 9. d3 Qd7 10. Kh2 Nh5 ({RR} 10... Na6 11. f4 Kh8 12. Be3 Ng8 13. Qd2 Nc7
14. b3 exf4 15. Nxf4 Qe7 16. Rae1 Bd7 17. d4 b6 18. Nd3 f6 19. Rf2 Rae8 20.
Rfe2 Ne6 21. b4 Nd8 22. a4 Nf7 23. b5 c5 24. a5 Qd8 25. Nd5 {Balog,I (2494)
-Vajda,L (2519) Heviz 2010 1/2-1/2 (96)}) ({RR} 10... d5 11. exd5 cxd5 12. Qb3
e4 13. Nf4 dxc4 14. dxc4 Nc6 15. Rd1 Nd4 16. Nxe6 fxe6 {1/2-1/2 (16)
Werthebach,F (2145)-Franke,J (2301) Germany 2012}) 11. Be3 $146 ({RR} 11. f4 f5
12. b3 Na6 13. Be3 fxe4 14. dxe4 Rad8 15. Rc1 b6 16. f5 gxf5 17. exf5 Bxf5 18.
g4 Bxg4 19. hxg4 Nf6 20. Bh3 Nxg4+ 21. Bxg4 Qxg4 22. Ng3 Qh4+ 23. Kg2 Rxf1 24.
Qxf1 Nc7 25. Qd3 Qg4 {Rocius,M (2182)-Turner,J (1983) Bristol 2009 1-0 (35)}) (
{RR} 11. g4 Nf6 12. f4 exf4 13. Bxf4 h5 14. g5 Nh7 15. Qe1 Na6 16. Qg3 Rad8 17.
b3 b5 18. a3 Nc5 19. Rab1 Nb7 20. cxb5 cxb5 21. d4 Qe8 22. a4 a6 23. axb5 axb5
24. e5 dxe5 25. dxe5 Nc5 {Lehtinen,H (2246)-Farago,S (2271) Budapest 2000 0-1 
(37)}) ({RR} 11. g4 Nf6 12. f4 exf4 13. Nxf4 Na6 14. Nxe6 fxe6 15. Bg5 e5 16.
Qd2 Nc7 17. Bxf6 Rxf6 18. Rxf6 Bxf6 19. g5 Bg7 20. Rf1 Ne6 {1/2-1/2 (20)
Aglave,A (2119)-Phillips,T (2238) Leuven 2003}) 11... f5 12. exf5 gxf5 13. f4
Qf7 14. Qd2 Qg6 15. Rf3 Nd7 16. Re1 Rad8 17. b3 Nc5 18. fxe5 Bxe5 19. d4 Nd7
20. dxe5 dxe5 21. Qc2 e4 22. Nf4 Nxf4 23. Rxf4 Ne5 24. Rh4 Rd3 25. Bf4 Qf6 26.
Bxe5 Qxe5 27. Qxd3 1-0

[Event "Floripa Chess Open 2024"]
[Site "Florianopolis"]
[Date "2024.01.27"]
[Round "9.143"]
[White "Farias, Robson Da Costa"]
[Black "Da Silva, Leticia Alice"]
[Result "1-0"]
[WhiteElo "1721"]
[BlackElo "1435"]
[PlyCount "75"]
[EventDate "2024.01.20"]
[EventRounds "10"]
[EventCountry "BRA"]

1. e4 e5 2. Nf3 Nc6 3. Bc4 Bc5 4. O-O Nf6 5. c3 Bb6 ({RR} 5... Nxe4 6. Qe1 d5
7. Bb5 O-O 8. d3 Nd6 9. Bxc6 bxc6 10. Qxe5 Re8 11. Qg5 f6 12. Qh4 Ba6 13. Rd1
Re2 14. d4 Re4 15. dxc5 Rxh4 16. Nxh4 Qe7 17. Be3 Nc4 18. Re1 Nxb2 19. Nf5 Qd7
20. Ng3 {Radulovic,B (2308)-Georgiev,K (2665) Sibenik 2008 0-1 (32)}) 6. a4
$146 ({RR} 6. Re1 O-O 7. d4 exd4 8. e5 Nh5 9. Bg5 Qe8 10. cxd4 g6 11. Nc3 Na5
12. Bd3 Nc6 13. Bc2 Ba5 14. Bh6 Bxc3 15. bxc3 Ng7 16. Ng5 Qe7 17. Ne4 b6 18.
Nf6+ Kh8 19. f4 d6 20. Qf3 Na5 {Farkas,L (2158)-Benyei,A (2015) Hungary 2002
1-0}) ({RR} 6. d4 d6 7. dxe5 dxe5 8. Qxd8+ Nxd8 9. Nxe5 Nxe4 10. Nd2 Nd6 11.
Bb3 O-O 12. Ndc4 Nxc4 13. Bxc4 Ne6 14. Be3 Bxe3 15. fxe3 f6 16. Nd3 Kh8 17.
Rad1 Ng5 18. Nf4 Bg4 19. Rd4 Bc8 20. h4 c5 {Angappan,A (1267)-Kaydanovich,M 
(1760) Ruzomberok SVK 2019 1/2-1/2 (59)}) ({RR} 6. d4 exd4 7. e5 Ng4 8. cxd4
O-O 9. Bg5 Qe8 10. d5 Ncxe5 11. h3 Nxc4 12. hxg4 d6 13. Qc2 Qb5 14. b3 Ne5 15.
Nxe5 dxe5 16. Nc3 Qc5 17. Rae1 Ba5 18. Rxe5 Qxc3 19. Qe4 f6 20. Re8 fxg5 {
Powierski,E-Guenthner,A (1245) Willingen 2005 0-1 (31)}) ({RR} 6. d4 d6 7. dxe5
Nxe5 8. Nxe5 dxe5 9. Qb3 O-O 10. Bg5 Qd6 11. Rd1 Qe7 12. Nd2 Bg4 13. Rf1 Rad8
14. Qc2 h6 15. Bh4 g5 16. Bg3 Qc5 17. b4 Qd6 18. Nb3 Rfe8 19. Kh1 Nh5 20. a4 a6
{Jancalek,P (2083)-Tallova,I (2115) Moravia 2002 0-1 (31)}) 6... a5 7. d4 d6 8.
d5 Ne7 9. Bd3 O-O 10. Bg5 Ng6 11. Nbd2 h6 12. Be3 Bxe3 13. fxe3 Ng4 14. Qe1 Kh7
15. h3 Nf6 16. g4 Rh8 17. Qg3 Kg8 18. c4 Qd7 19. Kg2 Nh7 20. c5 b6 21. cxb6
cxb6 22. Rac1 Ng5 23. Bb5 Qd8 24. h4 Nxf3 25. Nxf3 Ba6 26. Bxa6 Rxa6 27. h5 Nf8
28. Rc6 Nd7 29. Rxd6 Qc7 30. Rc6 Qb8 31. Rfc1 Kh7 32. g5 Rg8 33. g6+ fxg6 34.
Qxg6+ Kh8 35. Nh4 Nf8 36. Qg4 Qd8 37. Rc8 Qf6 38. Rf1 1-0

[Event "Floripa Chess Open 2024"]
[Site "Florianopolis"]
[Date "2024.01.27"]
[Round "9.144"]
[White "Rodrigues, Natanael Isau"]
[Black "Cardozo, Camila"]
[Result "1-0"]
[WhiteElo "1704"]
[BlackElo "1426"]
[PlyCount "67"]
[EventDate "2024.01.20"]
[EventRounds "10"]
[EventCountry "BRA"]

1. d4 Nf6 2. Nf3 d5 3. e3 e6 4. Bd3 c5 5. b3 Nc6 6. Bb2 Be7 7. O-O O-O 8. Ne5
cxd4 9. exd4 Qc7 10. a3 a6 11. Nd2 b5 12. f4 $146 ({RR} 12. Re1 Bb7 13. Ndf3 h6
14. Nxc6 Qxc6 15. Ne5 Qc7 16. Re3 Bd6 {1/2-1/2 (16) Sourek,V-Vencl,J (1665)
Klatovy 2004}) 12... Qb6 13. Ndf3 Nxe5 14. fxe5 Nd7 15. Qe2 f6 16. Kh1 fxe5 17.
dxe5 Nc5 18. Bd4 Qc7 19. Bxc5 Qxc5 20. c4 bxc4 21. bxc4 Bb7 22. Qd1 dxc4 23.
Bxh7+ Kxh7 24. Qb1+ Kg8 25. Qxb7 c3 26. Qb3 Qd5 27. Qxc3 Rfc8 28. Qe3 Bc5 29.
Qg5 Rf8 30. Qg6 Be3 31. Rad1 Qc4 32. Rfe1 Bh6 33. Re4 Qb3 34. Rd7 1-0

[Event "Floripa Chess Open 2024"]
[Site "Florianopolis"]
[Date "2024.01.27"]
[Round "9.145"]
[White "Vaz, Pedro Henrique Lins"]
[Black "Reis, Virginia Lagrange M"]
[Result "0-1"]
[WhiteElo "1359"]
[BlackElo "1676"]
[PlyCount "44"]
[EventDate "2024.01.20"]
[EventRounds "10"]
[EventCountry "BRA"]

1. e4 c5 2. c3 Nc6 3. d4 cxd4 4. cxd4 d5 5. e5 Qb6 6. Nf3 Bg4 7. Be2 e6 8. O-O
Bxf3 9. Bxf3 Qxd4 10. Qxd4 $146 ({RR} 10. Qe2 Qxe5 11. Qb5 Qc7 12. Re1 Nge7 13.
Nc3 O-O-O 14. Ne2 Qa5 15. Qxa5 Nxa5 16. Bf4 Ng6 17. Rac1+ Nc6 18. Be3 Kb8 19.
Red1 Bd6 20. g3 Nge5 21. Bg2 Nc4 22. Bd4 Nxd4 23. Nxd4 Be5 24. Rb1 Bxd4 {
Ludwig,R (1418)-Artmann,H (1556) Binz 2011 0-1 (34)}) ({RR} 10. Qb3 Qb4 11. Qe3
Nge7 12. a3 Qd4 13. Re1 Qxe3 14. Rxe3 Ng6 15. Be2 Bc5 16. Rb3 Bb6 17. Bb5 O-O
18. Bxc6 bxc6 19. Rc3 Rfc8 20. a4 Bd4 21. Rd3 Bxe5 22. Nc3 Rab8 23. Rb1 Rb3 24.
Rf3 Rcb8 {Klimes,J (2365)-Stania,P Hrabyne 2003 0-1 (34)}) ({RR} 10. Qb3 Qb4
11. Qd1 Nxe5 12. Bxd5 Rd8 13. Qb3 Rxd5 14. Qe3 Bc5 15. Qg3 Qg4 16. Qb3 Bb6 17.
h3 Qg6 18. Nc3 Rd7 19. Na4 Ne7 20. Bf4 Nd3 21. Nxb6 Nxf4 22. g3 axb6 23. Qa4
Ne2+ 24. Kh2 Nc6 {Truong,Q-Bach Ngoc Quy,A Vung Tau 2000 0-1}) 10... Nxd4 11.
Nd2 Bb4 12. Bd1 Ne7 13. a3 Ba5 14. b4 Bc7 15. Re1 O-O 16. Bb2 Bb6 17. Nf3 Ndc6
18. Bc2 Rac8 19. Rac1 Ng6 20. b5 Nd4 21. Bxg6 fxg6 22. Bxd4 Rxc1 0-1

[Event "Floripa Chess Open 2024"]
[Site "Florianopolis"]
[Date "2024.01.27"]
[Round "9.146"]
[White "Gurski, Guilherme Rybu"]
[Black "Moro, Antonio Renato Pere"]
[Result "0-1"]
[WhiteElo "1354"]
[BlackElo "1667"]
[PlyCount "86"]
[EventDate "2024.01.20"]
[EventRounds "10"]
[EventCountry "BRA"]

1. c4 d5 2. cxd5 Nf6 3. Nf3 Nxd5 4. g3 ({RR} 4. b3 Bg4 5. Ne5 Be6 6. Bb2 f6 7.
Nc4 Nc6 8. d4 Nb6 9. e3 Bf7 10. Nbd2 e6 11. Rc1 Be7 12. Qg4 O-O 13. Be2 f5 14.
Qh3 Nd5 15. O-O Be8 16. Rfd1 Rf6 17. g3 Rh6 18. Qg2 a5 {Vezzosi,P (2421)
-Tocchioni,D (2250) Montecatini Terme 2000 1-0 (35)}) 4... g6 ({RR} 4... c6 5.
Bg2 Bf5 6. O-O Nd7 7. d3 N5b6 8. b3 e5 9. Nbd2 Bd6 10. Bb2 O-O 11. Re1 Be6 12.
Qc2 f5 13. Rad1 Qf6 14. Bc3 Rae8 15. Nc4 Bc7 16. Qb2 Bd5 17. e4 Bf7 18. exf5
Bh5 19. h3 {Theilig,R (1560)-Woinowski,M (1768) Berlin GER 2019 0-1 (33)}) 5.
Bg2 Bg7 6. O-O e6 $146 ({RR} 6... Nc6 7. d3 Nb6 8. Qc2 Nd4 9. Nxd4 Bxd4 10. Bh6
c6 11. Nd2 Be6 12. Nf3 Bf6 13. Rac1 Qd7 14. Rfe1 Bh3 15. Kh1 Rg8 16. b3 O-O-O
17. Bf4 g5 18. Be3 Qc7 19. Qc5 h6 20. a4 Rd5 21. Qb4 {Hegener,D (1626)-Mayer,R
(1510) Wiesbaden 2016 1/2-1/2}) ({RR} 6... e5 7. d3 O-O 8. Qb3 c6 9. Nc3 Re8
10. Ng5 h6 11. Nxf7 Kxf7 12. e4 Qb6 13. Qc4 Qd4 14. exd5 Qxc4 15. dxc4 Rd8 16.
f4 exf4 17. Bxf4 Kg8 18. Rae1 Bf5 19. Re7 Nd7 20. dxc6 bxc6 21. Bxc6 {
Argandona Riveiro,I (2388)-Nielsen,L (2265) Helsingor 2013 1-0 (36)}) 7. Nc3
O-O 8. Nxd5 exd5 9. d3 Na6 10. Rb1 c5 11. Bd2 Bd7 12. b4 cxb4 13. Bxb4 Nxb4 14.
Rxb4 Rb8 15. Qb3 Bc6 16. Nd4 Qd6 17. Rb1 Bxd4 18. Rxd4 Qe5 19. e3 Rbd8 20. Rc1
Rd7 21. Rc5 Rfd8 22. Rb4 Qa1+ 23. Qb1 Qf6 24. d4 Re7 25. Qb3 Red7 26. Bf1 Rd6
27. Bb5 a5 28. Ra4 b6 29. Rc1 Bb7 30. Rc7 Bc8 31. Qc3 Bh3 32. Bf1 Bxf1 33. Kxf1
Qf3 34. Qc2 Qh1+ 35. Ke2 Qxh2 36. Rc8 Rxc8 37. Qxc8+ Kg7 38. Qc7 Rf6 39. Qe5
Qxf2+ 40. Kd3 Qf1+ 41. Kd2 Kh6 42. Qxd5 Qf2+ 43. Kc3 Qe1+ 0-1

[Event "Floripa Chess Open 2024"]
[Site "Florianopolis"]
[Date "2024.01.27"]
[Round "9.147"]
[White "De Resende, Sidnei"]
[Black "Nascimento, Bianca Alencar De S"]
[Result "1-0"]
[WhiteElo "1666"]
[BlackElo "1389"]
[PlyCount "86"]
[EventDate "2024.01.20"]
[EventRounds "10"]
[EventCountry "BRA"]

1. e4 c5 2. Nf3 Nc6 3. d4 cxd4 4. Nxd4 e6 5. c4 Nf6 6. Nc3 a6 7. Be2 Bc5 ({RR} 
7... Bb4 8. f3 d5 9. cxd5 exd5 10. Nxc6 bxc6 11. Qd4 Qe7 12. a3 Bc5 13. Qa4 O-O
14. Bg5 h6 15. Bh4 Rb8 16. Qc2 g5 17. Bg3 Bd6 18. Bf2 dxe4 19. fxe4 Re8 20. O-O
Nxe4 21. Nxe4 Qxe4 22. Qxe4 {Battulga,N (2357)-Byambaa,Z (2350) Ulaanbaatar
2010 1-0 (61)}) ({RR} 7... Bb4 8. Bg5 Bxc3+ 9. bxc3 Qa5 10. Nxc6 Qxg5 11. e5
dxc6 12. exf6 Qxf6 13. Qd3 O-O 14. O-O Rd8 15. Qe3 e5 16. f4 exf4 17. Rxf4 Qg6
18. Qe7 Bh3 19. Rf2 Rd7 20. Qh4 Be6 21. Raf1 Rf8 22. Rf4 {Chesnokova,A (1683)
-Kuznetsov,M (1971) St Petersburg RUS 2019 1-0}) 8. Nxc6 $146 ({RR} 8. Nc2 Qc7
9. Be3 Bxe3 10. Nxe3 O-O 11. O-O d6 12. Qd2 Rd8 13. Rac1 b6 14. Ncd5 exd5 15.
cxd5 Nxe4 16. Qc2 Nf6 17. Bf3 Rb8 18. Rfd1 Bd7 19. dxc6 Be6 20. Nf5 Bxf5 21.
Qxf5 h6 22. g4 Kf8 {Rezende,G (2016)-Mourao,I (2087) Rio de Janeiro 2013 1/2-1/
2 (40)}) 8... bxc6 9. e5 Ng8 10. O-O Qc7 11. Bf4 Ne7 12. Ne4 Ng6 13. Bg3 Qb6
14. Nd6+ Bxd6 15. Qxd6 Qxb2 16. Bd3 Qb8 17. Qc5 Qa7 18. Qa3 c5 19. Kh1 O-O 20.
Be4 Rb8 21. f4 Bb7 22. Bxb7 Rxb7 23. Bf2 Rc7 24. g3 Qb6 25. Rfd1 Rb8 26. Kg1
Qa7 27. Rd6 a5 28. Rad1 Rb4 29. Qd3 Nf8 30. Be1 Rb6 31. Rxb6 Qxb6 32. Rb1 Qa7
33. Rb5 a4 34. Ra5 Qb6 35. Rxa4 Qb2 36. Bc3 Qc1+ 37. Kg2 Rb7 38. Ra8 Rb1 39.
Kh3 Qh1 40. Rd8 Rd1 41. Bd2 Qc6 42. Qe2 Rb1 43. Be3 Qc7 1-0

[Event "Floripa Chess Open 2024"]
[Site "Florianopolis"]
[Date "2024.01.27"]
[Round "9.148"]
[White "Moura, Bernardo Lalane Mas"]
[Black "Setti, Dalmarino"]
[Result "1/2-1/2"]
[WhiteElo "1327"]
[BlackElo "1664"]
[PlyCount "83"]
[EventDate "2024.01.20"]
[EventRounds "10"]
[EventCountry "BRA"]

1. d4 d5 2. c4 e6 3. Nc3 Nf6 4. cxd5 exd5 5. Bg5 c6 6. e3 Be7 7. Qc2 h6 8. Bh4
Nh5 9. Bxe7 Qxe7 10. Nxd5 ({RR} 10. O-O-O Nd7 11. Bd3 Nb6 12. h3 Bd7 13. Nf3
O-O-O 14. a4 Kb8 15. Ne5 Be8 16. a5 Nc8 17. Qb3 Nf6 18. Kb1 Nd6 19. Rc1 Rc8 20.
Rc2 Nfe4 21. Rhc1 f6 22. Nf3 Bf7 23. Na4 Nc4 24. Bxc4 dxc4 {Garcia Molina,J 
(2157)-Cadilhac,I (2325) Sitges ESP 2021 0-1 (44)}) 10... Qd8 11. Nc3 O-O 12.
Bd3 $146 ({RR} 12. Be2 Nf6 13. Bf3 Re8 14. Nge2 Nbd7 15. O-O Nf8 16. Nf4 N8h7
17. Rad1 g5 18. Nh5 Nxh5 19. Bxh5 Nf6 20. Bf3 g4 21. Be2 Qa5 22. Bc4 Qh5 23.
Ne2 Re7 24. d5 Bf5 25. Qc1 Rae8 26. dxc6 bxc6 {Leeb,S (2203)-Boehm,U (2065)
Tegernsee GER 2018 1-0 (42)}) 12... Re8 13. Nge2 Nf6 14. O-O Nbd7 15. b4 Nd5
16. Nxd5 cxd5 17. Qb3 Nf6 18. Nf4 g5 19. Ne2 Qd6 20. Ng3 Ng4 21. h3 Nf6 22. Nf5
Qf8 23. Rfc1 Be6 24. Rc7 Rab8 25. Ng3 Qd6 26. Rac1 Rec8 27. Rxc8+ Rxc8 28.
Rxc8+ Bxc8 29. Qc3 Qd8 30. Qc5 b6 31. Qc6 Be6 32. Bf5 Qe8 33. Qxe8+ Nxe8 34.
Bd3 Nd6 35. f3 Kf8 36. Kf2 f5 37. a3 Kf7 38. Nh5 Bd7 39. g4 a5 40. Ng3 axb4 41.
axb4 fxg4 42. fxg4 1/2-1/2

[Event "Floripa Chess Open 2024"]
[Site "Florianopolis"]
[Date "2024.01.27"]
[Round "9.149"]
[White "Oliveira, Andre Pereira Marti"]
[Black "Bueno, Marcos Antonio Ferr"]
[Result "1-0"]
[WhiteElo "1333"]
[BlackElo "1644"]
[PlyCount "53"]
[EventDate "2024.01.20"]
[EventRounds "10"]
[EventCountry "BRA"]

1. Nf3 Nf6 2. b3 g6 3. Bb2 Bg7 4. e3 O-O 5. d4 d6 6. Be2 Re8 ({RR} 6... e5 7.
c4 e4 8. Nfd2 Re8 9. Nc3 c6 10. g4 h6 11. h3 d5 12. Qc2 Be6 13. O-O-O Nbd7 14.
f3 exf3 15. Bxf3 Nb6 16. c5 Nbd7 17. Kb1 b6 18. Ne2 Nh7 19. cxb6 Qxb6 20. Rc1
Rac8 21. Nc3 {Legky,N (2460)-Nijboer,F (2586) Belfort 2004 1/2-1/2}) 7. O-O ({
RR} 7. c4 e5 8. dxe5 Ng4 9. Nc3 Nxe5 10. Nxe5 Bxe5 11. O-O Nc6 12. Qc1 Be6 13.
Rd1 Qh4 14. g3 Qe7 15. Qd2 Rac8 16. Rac1 f5 17. Bf3 Qg7 18. Ba1 g5 19. Bxc6
bxc6 20. Ne2 Bxa1 21. Rxa1 f4 {De Borba,G (2232)-Almeida,G (2039) Itajai 2017
1/2-1/2 (46)}) 7... Nbd7 $146 ({RR} 7... b6 8. c4 Bb7 9. Nc3 Nbd7 10. d5 a6 11.
Qc2 Rc8 12. Rad1 c6 13. dxc6 Bxc6 14. Nd4 Bb7 15. f4 Qc7 16. f5 d5 17. Qb1 dxc4
18. fxg6 hxg6 19. Bxc4 Ne5 20. Rxf6 Nxc4 21. Rxg6 fxg6 22. Qxg6 {Ressmann,A 
(2214)-Becker,P (1964) Recklinghausen 2003 1-0 (40)}) ({RR} 7... Bf5 8. c4 Nc6
9. Qd2 Ne4 10. Qc1 e5 11. dxe5 Nxe5 12. Nxe5 dxe5 13. Nc3 Qg5 14. Nxe4 Bxe4 15.
g3 h5 16. h4 Qf5 17. Kh2 g5 18. hxg5 Qxg5 19. Rg1 h4 20. Qf1 Re6 21. gxh4 Qxh4+
22. Qh3 {Hamad,S-Raouf,A Dubai 2002 0-1}) ({RR} 7... a6 8. c4 Nbd7 9. Nbd2 c5
10. Qc2 e6 11. Rad1 cxd4 12. Nxd4 Qc7 13. Rc1 e5 14. N4f3 Nc5 15. b4 Bf5 16.
Qd1 Nd3 17. Bxd3 Bxd3 18. Re1 Nd7 19. e4 f5 20. Qb3 fxe4 21. Ng5 Nf6 22. Ndxe4
{Drewes,T-Werner,J Wuerzburg 1998 1-0 (53)}) 8. a4 e5 9. dxe5 Nxe5 10. Nxe5
dxe5 11. Qxd8 Rxd8 12. Bxe5 Nd5 13. Bxg7 Kxg7 14. c4 Nb4 15. Nc3 c6 16. Rfd1
Be6 17. Rxd8 Rxd8 18. Rd1 Rxd1+ 19. Bxd1 h6 20. Kf1 Kf6 21. Ke2 Ke7 22. Kd2 b6
23. f4 h5 24. Bf3 Kd7 25. g4 f6 26. Ne4 Ke7 27. g5 1-0

[Event "Floripa Chess Open 2024"]
[Site "Florianopolis"]
[Date "2024.01.27"]
[Round "9.150"]
[White "Tischler Lema Garcia, Maria Eduarda"]
[Black "Gomes, Marco Tulio Caldeir"]
[Result "0-1"]
[WhiteElo "1299"]
[BlackElo "1637"]
[PlyCount "89"]
[EventDate "2024.01.20"]
[EventRounds "10"]
[EventCountry "BRA"]

1. d4 Nf6 2. Nf3 e6 3. Bf4 d5 4. e3 Be7 5. h3 c5 6. c3 Nc6 ({RR} 6... O-O 7.
Nbd2 b6 8. Bd3 Ba6 9. Bxa6 Nxa6 10. O-O Qc8 11. Qe2 Qb7 12. Bh2 Rfc8 13. c4 Nb4
14. a3 Nc6 15. dxc5 bxc5 16. Rab1 Re8 17. Rfc1 a5 18. Ne1 d4 19. Ndf3 a4 20.
exd4 cxd4 21. Nd3 {Golubov,S (2481)-Hesham,A (2419) Baku 2016 1/2-1/2 (41)}) ({
RR} 6... O-O 7. Nbd2 b6 8. Bd3 Ba6 9. Bxa6 Nxa6 10. Ne5 Nb8 11. O-O Nfd7 12.
Ndf3 Nxe5 13. Nxe5 Qc8 14. Qg4 Bf6 15. h4 Nd7 16. h5 g6 17. hxg6 hxg6 18. g3
Nxe5 19. dxe5 Bg7 20. Kg2 Qc6 21. f3 {Christensen,B (1754)-Gabrielsen,R (1546)
Helsingor DEN 2018 0-1 (45)}) 7. Bd3 b6 $146 ({RR} 7... O-O 8. O-O h6 9. Nbd2
cxd4 10. exd4 Bd7 11. Ne5 Rc8 12. Bh2 b5 13. Nxd7 Qxd7 14. Bxb5 Qb7 15. Qe2 Qb6
16. Rfb1 Na5 17. Bd3 Rfd8 18. Nf3 Bd6 19. Ne5 Nd7 20. Nf3 Bxh2+ 21. Kxh2 Nc4
22. b3 {Steinke,M (1832)-Mackowiak,S (1711) Bochum 2000 1-0}) ({RR} 7... O-O 8.
O-O h6 9. Nbd2 Bd6 10. Bxd6 Qxd6 11. Qe2 Re8 12. Bb5 Bd7 13. Bxc6 Bxc6 14. Ne5
Rec8 15. Ndf3 Be8 16. a4 a6 17. Rfc1 c4 18. Nd2 b5 19. axb5 axb5 20. e4 Qb6 21.
exd5 exd5 22. Qd1 {Gross,M (2160)-Schneider,D Germany 1995 0-1 (50)}) ({RR} 
7... c4 8. Bc2 h6 9. Nbd2 b5 10. O-O O-O 11. e4 dxe4 12. Nxe4 Nd5 13. Bg3 a5
14. Qe2 Qb6 15. Ned2 Ba6 16. Ne5 Rfd8 17. f4 Nf6 18. Bf2 Nd5 19. Qe4 f5 20. Qf3
Nxe5 21. fxe5 b4 22. Rab1 {Karimov,F (2033)-Pudjakov,J (1757) Ufa 2010 1/2-1/2}
) 8. Nbd2 Bb7 9. Ne5 Bd6 10. Qf3 Qc7 11. Bb5 a6 12. Bxc6+ Bxc6 13. h4 Bb7 14.
h5 h6 15. Qg3 Rg8 16. Ng6 Bxf4 17. Nxf4 O-O-O 18. Qf3 Kb8 19. Qd1 e5 20. dxe5
Qxe5 21. Nf3 Qd6 22. Qb3 Rge8 23. O-O-O Ne4 24. Rhf1 a5 25. Nd2 Qc7 26. Nxe4
dxe4 27. Rxd8+ Rxd8 28. Rd1 Rxd1+ 29. Qxd1 Ba8 30. Qg4 f6 31. Ne6 Qd7 32. f4
exf3 33. gxf3 Bxf3 34. Qxg7 Qxg7 35. Nxg7 Kc7 36. Kd2 Kc6 37. c4 Kd6 38. Kc3
Bg4 39. e4 Ke5 40. Kd3 Bf3 41. Ke3 Bxe4 42. Ne8 f5 43. Ng7 Kf6 44. Ne8+ Kg5 45.
Ng7 0-1

[Event "Floripa Chess Open 2024"]
[Site "Florianopolis"]
[Date "2024.01.27"]
[Round "9.151"]
[White "Vaz, Osvaldo Jose"]
[Black "Dos Santos, Rafaela Alves"]
[Result "1-0"]
[WhiteElo "1627"]
[BlackElo "1800"]
[PlyCount "71"]
[EventDate "2024.01.20"]
[EventRounds "10"]
[EventCountry "BRA"]

1. e4 e5 2. Bc4 Nf6 3. d3 Bc5 4. Nc3 Nc6 5. f4 d6 6. Nf3 Be6 7. Bxe6 fxe6 8.
Na4 Bb6 9. Nxb6 axb6 10. O-O ({RR} 10. fxe5 dxe5 11. O-O O-O 12. Bd2 Qd6 13.
Bc3 Nd7 14. a3 Nd4 15. Qd2 Nxf3+ 16. Rxf3 Rxf3 17. gxf3 Rf8 18. Rf1 c5 19. Qg5
h6 20. Qg3 Rf7 21. a4 Qc6 22. b3 b5 23. axb5 Qxb5 24. Kh1 Qa6 {Djurhuus,R 
(2475)-Royset,P (2252) Asker 2003 1/2-1/2 (53)}) 10... exf4 11. Bxf4 e5 $146 ({
RR} 11... O-O 12. Bg5 Qd7 13. Qe1 h6 14. Bh4 Ng4 15. d4 e5 16. d5 Ne7 17. Bxe7
Qxe7 18. h3 Nf6 19. Nh4 Qe8 20. b3 Nh5 21. Qc3 c5 22. Nf5 Nf4 23. Rxf4 Qd7 24.
Rg4 Rxf5 25. exf5 Qxf5 26. Rf1 {Rafiee,M (1992)-Volz,D (1391) Willingen 2005
1-0 (38)}) 12. Bg5 Rf8 13. Nh4 Qd7 14. Nf5 O-O-O 15. c3 Rde8 16. a4 Qf7 17. b4
Qg6 18. Qd2 h6 19. Bh4 Ne7 20. a5 bxa5 21. bxa5 Nxf5 22. exf5 Qh5 23. Bg3 e4
24. dxe4 Nxe4 25. Qd4 Nxg3 26. hxg3 Qg5 27. Rf3 Re5 28. g4 h5 29. a6 bxa6 30.
Rxa6 Kd7 31. Rd3 Qf6 32. Qa4+ Ke7 33. Ra7 Rc5 34. Re3+ Kf7 35. Qb3+ d5 36.
Rxc7+ 1-0